| 000 | 00781nam a2200229 a 4500 | ||
|---|---|---|---|
| 005 | 20090905135052.0 | ||
| 008 | 060731s1999 nyua b 000 0 eng d | ||
| 010 | _aB-357036 | ||
| 020 |
_c250.00 _a9788177831585 |
||
| 035 | _aB-357036 | ||
| 037 | _bDBAD / PUB | ||
| 040 |
_adpl _bEnglish |
||
| 082 | _aS | ||
| 100 | _aWells, H.G. | ||
| 245 |
_aThe war in the air / _cby H.G. Wells |
||
| 260 |
_aNew Delhi _bPraveen Prakashan _c2009 |
||
| 270 |
_a4760-61, 23, Ansari Road, Daryaganj _bNew Delhi _e110002 |
||
| 300 |
_a176p. _c23cm(Hb) |
||
| 650 | _2Children stories, English | ||
| 942 |
_2ddc _cCH _mWEL _hS |
||
| 999 |
_c30050 _d30050 |
||